000 00279nam a22001337a 4500
008 170608b xxu||||| |||| 00| 0 eng d
020 _a9780192840981
041 _aeng
080 _a32
100 _a18
101 _ashp
245 _aNATIONALISM
_cGROSBY, S
942 _2udc
_cBK
999 _c16429
_d16429